000 00682nam a22002057a 4500
003 OSt
005 20251103061700.0
008 251103b |||||||| |||| 00| 0 eng d
020 _a 978-981-4586-863
040 _aDWCL-Main lib
_cOC
082 _2 Eight edition
_aCirc. 624.171 H624s 2014
100 _aHibbeler, R.C
245 _aStructural analysis :
_beighth edition in SI units/
_cR.C, Hibbeler
250 _aEight edition
260 _aSingapore:
_bPearson education Inc.,
_cc2014
300 _axxvi, 695 pages :
_billustrations;
_c24cm
504 _aIncludes index
650 _a1. Structural analysis ( engineering)
942 _2ddc
_cBK-CIRC
_eEight edition
_kCirc.
_n0
999 _c5410
_d5410